[Event "SC Steinfurt 1 - SK Münster 4"]
[Site "Regionalliga Münsterland 2019"]
[Date "2019.11.30"]
[Round "4.1"]
[White "Janssen, Dirk"]
[Black "Rieke, Theo"]
[Result "1-0"]
[WhiteElo "1947"]
[BlackElo "1947"]
[PlyCount "51"]
[EventDate "2019.??.??"]
[SourceDate "2019.09.14"]

1. c4 e5 2. Nc3 Nf6 3. Nf3 Nc6 4. e3 Bb4 5. Qc2 O-O 6. Nd5 a5 7. Bd3 h6 8. O-O
d6 9. Nxf6+ Qxf6 10. Be4 Bc5 11. b3 Bd7 12. Bb2 Rae8 13. Rad1 Qe7 14. d4 exd4
15. Bh7+ Kh8 16. exd4 Ba7 17. Rfe1 Qd8 18. d5 Rxe1+ 19. Rxe1 Ne5 20. Nxe5 dxe5
21. Rxe5 f6 22. Re1 f5 23. Qc3 Qg5 24. h4 Bxf2+ 25. Kxf2 Qxh4+ 26. Qg3 1-0

[Event "SC Steinfurt 1 - SK Münster 4"]
[Site "Regionalliga Münsterland 2019"]
[Date "2019.11.30"]
[Round "4.2"]
[White "Arning, Marcus"]
[Black "Spillmann, Peter"]
[Result "1-0"]
[WhiteElo "1927"]
[BlackElo "1886"]
[PlyCount "61"]
[EventDate "2019.??.??"]
[SourceDate "2019.09.14"]

1. d4 e6 2. c4 f5 3. Nf3 Nf6 4. Nc3 d5 5. Bg5 c6 6. e3 Bd6 7. Bd3 O-O 8. O-O
Nbd7 9. Qc2 h6 10. Bf4 Ne4 11. Bxd6 Nxd6 12. Nd2 Kh8 13. c5 Ne4 14. Bxe4 dxe4
15. f3 exf3 16. Rxf3 Nf6 17. Nc4 b5 18. Ne5 Qe8 19. Ne2 Nd7 20. Raf1 Nxe5 21.
dxe5 Qe7 22. Rd1 Rd8 23. Rd6 Rxd6 24. cxd6 Qd7 25. Qc5 Bb7 26. Nd4 g5 27. g4
fxg4 28. Rf6 Re8 29. Rxh6+ Kg7 30. Rf6 g3 31. hxg3 1-0

[Event "SC Steinfurt 1 - SK Münster 4"]
[Site "Regionalliga Münsterland 2019"]
[Date "2019.11.30"]
[Round "4.3"]
[White "Vogenauer, Nikolas"]
[Black "Yust, Evgeniy"]
[Result "1/2-1/2"]
[WhiteElo "1881"]
[BlackElo "1914"]
[PlyCount "63"]
[EventDate "2019.??.??"]
[SourceDate "2019.09.14"]

1. e4 g6 2. d4 Bg7 3. Nc3 d6 4. Be3 Nc6 5. Bb5 a6 6. Bxc6+ bxc6 7. f4 f5 8. e5
e6 9. Nf3 Ne7 10. Ne2 O-O 11. O-O a5 12. c4 Ba6 13. b3 a4 14. Qc2 axb3 15. axb3
Qd7 16. Ra4 Bb7 17. Rfa1 c5 18. Kf2 Nc6 19. Rxa8 Bxa8 20. Rd1 Nb4 21. Qb1 Be4
22. Qa1 Bc2 23. Rd2 Bxb3 24. dxc5 Bxc4 25. cxd6 cxd6 26. Qa3 Nd5 27. exd6 Rd8
28. Ne5 Qb5 29. Nd4 Qa6 30. Qxa6 Bxa6 31. Nxe6 Rxd6 32. Nxg7 1/2-1/2

[Event "SC Steinfurt 1 - SK Münster 4"]
[Site "Regionalliga Münsterland 2019"]
[Date "2019.11.30"]
[Round "4.4"]
[White "Schulz, Joachim"]
[Black "Voss, Andreas"]
[Result "1-0"]
[WhiteElo "1896"]
[BlackElo "1881"]
[PlyCount "76"]
[EventDate "2019.??.??"]
[SourceDate "2019.09.14"]

1. Nf3 e6 2. g3 f5 3. Bg2 Nf6 4. O-O d5 5. b3 Bd6 6. Bb2 O-O 7. d4 Nbd7 8. Nbd2
c6 9. Ne1 e5 10. dxe5 Nxe5 11. Nd3 Nxd3 12. cxd3 f4 13. Nf3 Qe7 14. Qd2 Ng4 15.
Rae1 Bd7 16. e4 fxe3 17. fxe3 Bb4 18. Bc3 Bxc3 19. Qxc3 Rae8 20. e4 dxe4 21.
Rxe4 Qd6 22. Rfe1 Nf6 23. Qc4+ Qd5 24. Re5 Rxe5 25. Rxe5 Qxc4 26. bxc4 Re8 27.
h3 Rxe5 28. Nxe5 Bf5 29. g4 Bc8 30. Kf2 Nd7 31. Nf3 h6 32. Ke3 Kf7 33. Nd4 Kf6
34. Nf5 Nc5 35. Nd6 Bd7 36. d4 Ne6 37. Nxb7 g5 38. Bh1 Be8 1-0

[Event "SC Steinfurt 1 - SK Münster 4"]
[Site "Regionalliga Münsterland 2019"]
[Date "2019.11.30"]
[Round "4.5"]
[White "Peters, Helmut"]
[Black "Janning, Rainer"]
[Result "1-0"]
[WhiteElo "1942"]
[BlackElo "1888"]
[PlyCount "77"]
[EventDate "2019.??.??"]
[SourceDate "2019.09.14"]

1. d4 d5 2. c4 e6 3. Nc3 c6 4. Nf3 f5 5. g3 Nf6 6. Bg2 Bd6 7. O-O O-O 8. Bf4
Bxf4 9. gxf4 Ne4 10. Rc1 Nd7 11. e3 Rf6 12. Ne5 Rh6 13. Nxe4 fxe4 14. Ng4 Rg6
15. f3 exf3 16. Qxf3 Nf6 17. Ne5 Rh6 18. Qe2 Bd7 19. e4 Be8 20. Qe3 Bh5 21. f5
dxe4 22. fxe6 Qd6 23. Bxe4 Qxe6 24. Bf5 Qd6 25. Rc2 Re8 26. c5 Qd5 27. Rg2 Kh8
28. b3 Rd8 29. Rd2 Be8 30. Rf4 Rh5 31. Be6 Rg5+ 32. Ng4 Rxg4+ 33. Bxg4 Qg5 34.
Rg2 Bg6 35. Bf5 Qxg2+ 36. Kxg2 Nd5 37. Qe4 Re8 38. Bxg6 Rxe4 39. Rf8# 1-0

[Event "SC Steinfurt 1 - SK Münster 4"]
[Site "Regionalliga Münsterland 2019"]
[Date "2019.11.30"]
[Round "4.6"]
[White "Raue, Thorsten"]
[Black "Leder, Nils"]
[Result "0-1"]
[WhiteElo "1803"]
[BlackElo "1861"]
[PlyCount "44"]
[EventDate "2019.??.??"]
[SourceDate "2019.09.14"]

1. b4 e5 2. Bb2 Bxb4 3. Bxe5 Nf6 4. e3 d6 5. Bb2 Bg4 6. Nf3 Nbd7 7. Be2 Qe7 8.
a3 Ba5 9. O-O O-O-O 10. c4 h5 11. Nc3 Ne5 12. Rb1 Bf5 13. d3 Rhg8 14. Na4 Kb8
15. Qb3 Bc8 16. d4 Nxf3+ 17. Bxf3 Ne4 18. Bxe4 Qxe4 19. c5 h4 20. f3 Qg6 21.
Qb5 h3 22. g3 Qc2 0-1

[Event "SC Steinfurt 1 - SK Münster 4"]
[Site "Regionalliga Münsterland 2019"]
[Date "2019.11.30"]
[Round "4.7"]
[White "Schulz, Stefan"]
[Black "Wild, Helmut"]
[Result "0-1"]
[WhiteElo "1860"]
[BlackElo "1871"]
[PlyCount "92"]
[EventDate "2019.??.??"]
[SourceDate "2019.09.14"]

1. d4 d5 2. Nf3 c6 3. c4 dxc4 4. e3 b5 5. a4 e6 6. axb5 cxb5 7. b3 Bb4+ 8. Bd2
Bxd2+ 9. Qxd2 a5 10. bxc4 b4 11. Be2 Nf6 12. O-O O-O 13. Rd1 Bb7 14. Ne5 Nbd7
15. Nd3 Qc7 16. Nb2 Rfc8 17. f3 Bc6 18. e4 Rd8 19. d5 exd5 20. cxd5 Bb5 21.
Bxb5 Qc5+ 22. Qd4 Qxb5 23. Na4 Rac8 24. Nd2 Rc2 25. Kf2 Rdc8 26. Ke3 Nc5 27.
Nxc5 R8xc5 28. d6 R2c3+ 29. Kf2 Rd3 30. Qb2 Rxd6 31. Nb3 Rxd1 32. Rxd1 Rc8 33.
Nd4 Qc5 34. Qb3 h6 35. Qa4 Rd8 36. Qa1 a4 37. Ke3 a3 38. Rc1 Qg5+ 39. Kf2 Qd2+
40. Ne2 a2 41. Rc7 b3 42. Rb7 Qc2 43. Qe5 Qd1 44. Ra7 Qc2 45. Rb7 Rc8 46. Qe7
Qc5+ 0-1

[Event "SC Steinfurt 1 - SK Münster 4"]
[Site "Regionalliga Münsterland 2019"]
[Date "2019.11.30"]
[Round "4.8"]
[White "Haselhorst, Helmut"]
[Black "Sokolowski, Cyril"]
[Result "0-1"]
[WhiteElo "2025"]
[BlackElo "1744"]
[PlyCount "68"]
[EventDate "2019.??.??"]
[SourceDate "2019.09.14"]

1. Nf3 Nf6 2. c4 d6 3. g3 g6 4. Bg2 Bg7 5. d4 O-O 6. Nc3 a6 7. O-O Qe8 8. h3
Nc6 9. Be3 e5 10. dxe5 Nxe5 11. Nxe5 Qxe5 12. Bd4 Qa5 13. Qd2 Qh5 14. g4 Qh4
15. Qf4 Nh5 16. Qe3 Be6 17. Bxg7 Nxg7 18. b3 Rae8 19. Qd2 h5 20. f3 Kh7 21. Ne4
f5 22. Nf2 hxg4 23. fxg4 fxg4 24. hxg4 Bxg4 25. Ne4 Nh5 26. Rae1 Bf5 27. Ng5+
Kg7 28. e4 Bd7 29. e5 Nf4 30. Nf3 Qg3 31. exd6 Rh8 32. Rxe8 Nh3+ 33. Kh1 Nf2+
34. Kg1 Rh1# 0-1

[Event "SK Dülmen 1 - SK Metelen 1"]
[Site "Regionalliga Münsterland 2019"]
[Date "2019.11.30"]
[Round "4.1"]
[White "Bernink, Henk"]
[Black "Eiersbrock, Robin"]
[Result "1-0"]
[WhiteElo "2029"]
[BlackElo "2053"]
[PlyCount "81"]
[EventDate "2019.??.??"]
[SourceDate "2019.09.14"]

1. d4 Nf6 2. c4 g6 3. Nc3 Bg7 4. e4 d6 5. f4 O-O 6. Nf3 Bg4 7. Be3 e5 8. dxe5
Ne8 9. Be2 Nc6 10. Ng5 Bxe2 11. Qxe2 dxe5 12. f5 Nd4 13. Qf2 Nd6 14. c5 gxf5
15. cxd6 f4 16. Bxd4 exd4 17. Qh4 h6 18. Nd5 Re8 19. Ne7+ Rxe7 20. dxe7 Qxe7
21. Nf3 Qxe4+ 22. Kf1 Qd3+ 23. Kg1 Qe3+ 24. Qf2 d3 25. Re1 d2 26. Rd1 Rd8 27.
Qxe3 fxe3 28. Kf1 c5 29. Ke2 Bd4 30. Rhf1 b5 31. b3 a5 32. Nxd4 cxd4 33. Rf5
Re8 34. Rd5 Re4 35. Rf1 Rh4 36. h3 Kg7 37. Rxb5 Re4 38. Rd5 f6 39. g3 Kf7 40.
Rf4 Re6 41. Rd8 1-0

[Event "SK Dülmen 1 - SK Metelen 1"]
[Site "Regionalliga Münsterland 2019"]
[Date "2019.11.30"]
[Round "4.2"]
[White "Grund, Wolfgang"]
[Black "Koch, Alexander"]
[Result "0-1"]
[WhiteElo "1889"]
[BlackElo "2027"]
[PlyCount "110"]
[EventDate "2019.??.??"]
[SourceDate "2019.09.14"]

1. e4 c5 2. Nf3 Nc6 3. c3 d6 4. Bc4 Nf6 5. d3 e6 6. O-O Be7 7. Bb3 O-O 8. h3 b5
9. Bc2 e5 10. Be3 Bb7 11. Nbd2 b4 12. Qe2 bxc3 13. bxc3 Ba6 14. Bb3 Rb8 15. c4
Qa5 16. Nh2 Bc8 17. f4 exf4 18. Rxf4 Qc3 19. Rd1 Nd4 20. Bxd4 Qxd4+ 21. Kh1 Qe5
22. Rdf1 Nh5 23. Qf3 Nxf4 24. Qxf4 Qxf4 25. Rxf4 Bg5 26. Rf2 Bxd2 27. Rxd2 f5
28. Nf3 Bb7 29. Ng5 Rbe8 30. Bc2 h6 31. Nf3 fxe4 32. dxe4 Bxe4 33. Bxe4 Rxe4
34. Rxd6 Rxc4 35. Ra6 Rf7 36. Rc6 Re7 37. a4 a5 38. Nd2 Rxa4 39. Rxc5 Ra1+ 40.
Kh2 a4 41. Ra5 Re2 42. Nf3 Raa2 43. Ra8+ Kh7 44. Nh4 g5 45. Ra7+ Kg8 46. Nf5
Rxg2+ 47. Kh1 Rh2+ 48. Kg1 Rxh3 49. Rg7+ Kf8 50. Rc7 Rb3 51. Rc1 Rb6 52. Ng3
Kf7 53. Ne4 Rab2 54. Rf1+ Kg6 55. Rf8 a3 0-1

[Event "SK Dülmen 1 - SK Metelen 1"]
[Site "Regionalliga Münsterland 2019"]
[Date "2019.11.30"]
[Round "4.3"]
[White "Poelstra, Ben"]
[Black "Nolting, Bodo"]
[Result "1-0"]
[WhiteElo "2008"]
[BlackElo "1726"]
[PlyCount "119"]
[EventDate "2019.??.??"]
[SourceDate "2019.09.14"]

1. e4 e5 2. Nf3 Nf6 3. Nc3 Nc6 4. d4 exd4 5. Nxd4 Bb4 6. Nxc6 bxc6 7. Bd3 d5 8.
exd5 cxd5 9. O-O O-O 10. Bg5 Be6 11. Qf3 h6 12. Bxf6 Qxf6 13. Qxf6 gxf6 14. Ne2
c5 15. c3 Ba5 16. Nf4 Rab8 17. Rab1 c4 18. Bc2 Rb6 19. Rfd1 Rfb8 20. b4 cxb3
21. Bxb3 Bxc3 22. Nxd5 Bxd5 23. Rxd5 R6b7 24. Rbd1 a5 25. g3 Rxb3 26. axb3 Rxb3
27. R5d3 a4 28. Rc1 Be5 29. Rxb3 axb3 30. Rc5 b2 31. Rb5 Kg7 32. f4 Bd4+ 33.
Kf1 f5 34. Ke2 Kg6 35. Kd3 Bf6 36. Kc2 h5 37. h3 Bd4 38. Rd5 Bf6 39. Rd6 Kg7
40. Rc6 Kg6 41. Rb6 Kg7 42. Rb5 Kg6 43. Rd5 Bg7 44. Rd6+ Bf6 45. Rb6 Kg7 46.
Kd3 Kg6 47. Rb5 Bg7 48. Kc4 Bf6 49. Kd5 Bc3 50. Rb6+ Kg7 51. Kd6 Bf6 52. Kd7
Bd4 53. Rb7 Kf8 54. Rb8+ Kg7 55. Ke8 Kg6 56. Kf8 f6 57. Ke7 Bf2 58. Rb3 Bd4 59.
Ke6 Bf2 60. Kd5 1-0

[Event "SK Dülmen 1 - SK Metelen 1"]
[Site "Regionalliga Münsterland 2019"]
[Date "2019.11.30"]
[Round "4.4"]
[White "Loedding, Detlef"]
[Black "Grotenhuis, Gerard"]
[Result "0-1"]
[WhiteElo "1890"]
[BlackElo "1894"]
[PlyCount "90"]
[EventDate "2019.??.??"]
[SourceDate "2019.09.14"]

1. c4 f5 2. Nf3 Nf6 3. Nc3 e6 4. d3 d5 5. g3 c6 6. Bg2 d4 7. Nb1 b6 8. O-O Bb7
9. e3 dxe3 10. fxe3 Nbd7 11. Nc3 Bd6 12. Nd4 Ne5 13. Nxe6 Qd7 14. Nd4 g6 15.
Nf3 O-O-O 16. Nxe5 Bxe5 17. d4 Bb8 18. Qf3 h5 19. h3 h4 20. g4 Qc7 21. Rf2 Qh2+
22. Kf1 Bg3 23. gxf5 Bxf2 24. Kxf2 Nh5 25. Ke2 Ng3+ 26. Kd3 Nxf5 27. Bd2 Rd7
28. Qg4 Rhd8 29. Be4 Rxd4+ 30. exd4 Rxd4+ 31. Kc2 Rxd2+ 32. Kb3 Rxb2+ 33. Ka3
Rf2 34. Qxg6 Qd6+ 35. Qxd6 Nxd6 36. Bd3 Rf3 37. Rd1 Kc7 38. Kb2 Rxh3 39. Bf1
Rf3 40. Be2 Re3 41. Kc2 h3 42. Rh1 c5 43. Rg1 Kd8 44. Bg4 h2 45. Rd1 Ke8 0-1

[Event "SK Dülmen 1 - SK Metelen 1"]
[Site "Regionalliga Münsterland 2019"]
[Date "2019.11.30"]
[Round "4.5"]
[White "Zachej, Arne"]
[Black "Rebber, Christian"]
[Result "0-1"]
[WhiteElo "1854"]
[BlackElo "1833"]
[PlyCount "70"]
[EventDate "2019.??.??"]
[SourceDate "2019.09.14"]

1. d4 Nf6 2. Bf4 e6 3. e3 d5 4. Bd3 b6 5. c3 Be7 6. Nf3 O-O 7. Ne5 Bb7 8. Qc2
h6 9. Nd2 Nbd7 10. O-O-O Nxe5 11. dxe5 Nd7 12. h4 f5 13. exf6 Bxf6 14. g4 e5
15. Bg3 e4 16. Be2 Be5 17. Bxe5 Nxe5 18. Nxe4 Qe7 19. Qb3 Kh8 20. Ng3 Rxf2 21.
Rhf1 Nxg4 22. c4 Rxf1 23. Nxf1 dxc4 24. Bxc4 Qc5 25. Kb1 Be4+ 26. Ka1 Ne5 27.
Rd4 Nxc4 28. Rxc4 Qe7 29. Qc3 c5 30. Ng3 Rf8 31. a4 Bd5 32. Rg4 Qd7 33. Rg6
Qxa4+ 34. Kb1 Qd1+ 35. Qc1 Ba2+ 0-1

[Event "SK Dülmen 1 - SK Metelen 1"]
[Site "Regionalliga Münsterland 2019"]
[Date "2019.11.30"]
[Round "4.6"]
[White "Tecklenborg, Georg"]
[Black "Wigger, Frank"]
[Result "0-1"]
[WhiteElo "1702"]
[BlackElo "1820"]
[PlyCount "98"]
[EventDate "2019.??.??"]
[SourceDate "2019.09.14"]

1. e4 e5 2. Nf3 Nc6 3. Bb5 f5 4. d3 Nf6 5. O-O fxe4 6. dxe4 Bc5 7. Bg5 d6 8. h3
O-O 9. Nc3 Be6 10. Na4 Bb6 11. Nxb6 axb6 12. Qe2 Qe8 13. a4 Qg6 14. Bxf6 Bxh3
15. Ng5 Bxg2 16. Bxc6 bxc6 17. Be7 Rf7 18. Kxg2 Rxe7 19. Rg1 Qxg5+ 20. Kf1 Qf4
21. Rg4 Qh2 22. Ra3 Rf8 23. Rg2 Qh6 24. Qe3 Qxe3 25. Rxe3 Ref7 26. b4 Rf3 27.
Rxf3 Rxf3 28. Rg3 Rf8 29. a5 bxa5 30. bxa5 Ra8 31. Ra3 Ra6 32. Kg2 g5 33. Kg3
Kg7 34. Kg4 Kg6 35. Ra4 d5 36. f3 h5+ 37. Kg3 Kf6 38. Ra3 Ke6 39. Ra1 Kf6 40.
Ra3 d4 41. Ra4 Ke6 42. Ra1 c5 43. Ra4 Kd7 44. Ra1 Kc8 45. Ra2 c4 46. Ra4 d3 47.
cxd3 cxd3 48. Ra2 Rd6 49. Rd2 Kb7 0-1

[Event "SK Dülmen 1 - SK Metelen 1"]
[Site "Regionalliga Münsterland 2019"]
[Date "2019.11.30"]
[Round "4.7"]
[White "Denkler, Juergen"]
[Black "Wilms, Gerwin"]
[Result "1/2-1/2"]
[WhiteElo "1683"]
[BlackElo "1616"]
[PlyCount "46"]
[EventDate "2019.??.??"]
[SourceDate "2019.09.14"]

1. d4 d5 2. c4 e6 3. Nf3 c6 4. e3 Nf6 5. Nc3 Nbd7 6. Be2 dxc4 7. Bxc4 b5 8. Be2
Bb7 9. O-O a6 10. b3 Rc8 11. Bb2 Bd6 12. Rc1 O-O 13. Ng5 h6 14. Nge4 Nxe4 15.
Nxe4 Bxh2+ 16. Kxh2 Qh4+ 17. Kg1 Qxe4 18. Bf3 Qh4 19. Rc2 Qd8 20. Qe2 Qb6 21.
Rfc1 Nf6 22. Rc5 Nd7 23. R5c2 Nf6 1/2-1/2

[Event "SK Dülmen 1 - SK Metelen 1"]
[Site "Regionalliga Münsterland 2019"]
[Date "2019.11.30"]
[Round "4.8"]
[White "Bienhuels, Michael"]
[Black "Bueckers, Bernhard"]
[Result "0-1"]
[WhiteElo "1658"]
[BlackElo "1662"]
[PlyCount "64"]
[EventDate "2019.??.??"]
[SourceDate "2019.09.14"]

1. e4 c5 2. d4 cxd4 3. c3 dxc3 4. Nxc3 e6 5. Bc4 Nc6 6. Nf3 a6 7. O-O Nge7 8.
Qe2 Ng6 9. Rd1 Qc7 10. Be3 Be7 11. Rac1 O-O 12. a4 d6 13. g3 Bd7 14. h4 h6 15.
Ba2 Rac8 16. Bb1 Qb8 17. h5 Nge5 18. Nxe5 Nxe5 19. f4 Nc4 20. b3 Nxe3 21. Qxe3
d5 22. Qd3 Bc5+ 23. Kh2 f5 24. exd5 Kh8 25. Re1 exd5 26. Nxd5 Rf7 27. b4 Bf2
28. Rxc8+ Qxc8 29. Re2 Ba7 30. Ba2 Qc1 31. Ne3 Bc6 32. Ng2 Qg1+ 0-1

[Event "SC Gronau 1 - SK Bocholt 1"]
[Site "Regionalliga Münsterland 2019"]
[Date "2019.11.30"]
[Round "4.1"]
[White "Fuest, Martin"]
[Black "Monsma, Menno"]
[Result "1-0"]
[WhiteElo "2118"]
[BlackElo "2062"]
[PlyCount "67"]
[EventDate "2019.??.??"]
[SourceDate "2019.09.14"]

1. d4 Nf6 2. Nf3 g6 3. g3 Bg7 4. Bg2 O-O 5. O-O d6 6. c3 Bd7 7. Re1 Bc6 8. Nbd2
Ne4 9. Qb3 Nd7 10. Nxe4 Bxe4 11. Be3 c5 12. Bh3 cxd4 13. cxd4 Nb6 14. Nd2 Bc6
15. Bg2 Bxg2 16. Kxg2 d5 17. Rac1 Qd7 18. Qd3 Nc8 19. Bf4 Nd6 20. Bxd6 Qxd6 21.
Nf3 Rfc8 22. Qb5 b6 23. Qa6 Rc7 24. e3 e6 25. a3 Qd7 26. Red1 Rac8 27. Rxc7
Rxc7 28. Rd2 Rc1 29. Qe2 Qc7 30. Ne1 Qc4 31. Nd3 Ra1 32. Rc2 Qa6 33. Rc7 Bf6
34. Rxf7 1-0

[Event "SC Gronau 1 - SK Bocholt 1"]
[Site "Regionalliga Münsterland 2019"]
[Date "2019.11.30"]
[Round "4.2"]
[White "Buendgen, Achim"]
[Black "Hunhoff, Sebastian"]
[Result "1-0"]
[WhiteElo "2072"]
[BlackElo "1918"]
[PlyCount "53"]
[EventDate "2019.??.??"]
[SourceDate "2019.09.14"]

1. d4 d5 2. Bg5 c6 3. c4 dxc4 4. e4 Qa5+ 5. Bd2 Qd8 6. Nf3 Nf6 7. e5 Nd5 8.
Bxc4 Bf5 9. Nc3 e6 10. O-O Be7 11. Nxd5 cxd5 12. Qa4+ Nd7 13. Be2 O-O 14. Ba5
Nb6 15. Qb3 Rc8 16. Rac1 Rxc1 17. Rxc1 Bg5 18. Bxb6 axb6 19. Nxg5 Qxg5 20. Qe3
Qe7 21. Rc3 h6 22. a3 Qd7 23. Qc1 Qa4 24. b4 g5 25. h4 Kg7 26. hxg5 hxg5 27.
Qxg5+ 1-0

[Event "SC Gronau 1 - SK Bocholt 1"]
[Site "Regionalliga Münsterland 2019"]
[Date "2019.11.30"]
[Round "4.3"]
[White "Naumann, Felix"]
[Black "Luetkehermoelle, Martin"]
[Result "1-0"]
[WhiteElo "1886"]
[BlackElo "1952"]
[PlyCount "91"]
[EventDate "2019.??.??"]
[SourceDate "2019.09.14"]

1. d4 Nf6 2. Nf3 e6 3. Bf4 c5 4. e3 Nc6 5. c3 d5 6. Nbd2 Bd6 7. Bg3 Bxg3 8.
hxg3 Qd6 9. Bd3 h6 10. Qc2 Bd7 11. O-O Rc8 12. Qd1 c4 13. Bc2 b5 14. Qe2 O-O
15. Rfe1 e5 16. dxe5 Nxe5 17. Nd4 g6 18. e4 Rfe8 19. f4 Nc6 20. e5 Nxd4 21.
cxd4 Qb6 22. Nf3 Nh5 23. Qf2 a5 24. Rad1 b4 25. Nh4 Bg4 26. Rc1 b3 27. axb3
cxb3 28. Bd3 a4 29. Rc5 Rxc5 30. dxc5 Qb4 31. f5 g5 32. Nf3 a3 33. Qd4 Qxd4+
34. Nxd4 axb2 35. Kf2 Ng7 36. c6 Rc8 37. Rb1 Ra8 38. Ke3 Re8 39. Rxb2 Rxe5+ 40.
Kd2 Ne8 41. Rxb3 Re7 42. Rb7 Rc7 43. Kc3 Rc8 44. Kb4 Nd6 45. Rd7 Nxf5 46. Bxf5
1-0

[Event "SC Gronau 1 - SK Bocholt 1"]
[Site "Regionalliga Münsterland 2019"]
[Date "2019.11.30"]
[Round "4.4"]
[White "Storck, Martin"]
[Black "Steiner, Karl"]
[Result "1/2-1/2"]
[WhiteElo "1958"]
[BlackElo "1894"]
[PlyCount "102"]
[EventDate "2019.??.??"]
[SourceDate "2019.09.14"]

1. c4 e6 2. Nc3 d5 3. d4 Nf6 4. Nf3 Be7 5. Qc2 Nc6 6. e3 Nb4 7. Qb3 a5 8. a3
Na6 9. c5 O-O 10. Bd3 c6 11. Na4 Nd7 12. Bd2 e5 13. Nxe5 Nxe5 14. dxe5 Nxc5 15.
Nxc5 Bxc5 16. Qc2 Bb6 17. Bxh7+ Kh8 18. Bd3 Qg5 19. f4 Qxg2 20. O-O-O d4 21.
Rhg1 Qd5 22. Rg5 Rd8 23. Bc4 Qf3 24. Rf1 Qh3 25. Rfg1 g6 26. exd4 Bf5 27. Qb3
Qxb3 28. Bxb3 Bxd4 29. R1g3 Bxb2+ 30. Kxb2 Rxd2+ 31. Kc3 Rd7 32. Re3 Rad8 33.
Bc2 Bxc2 34. Kxc2 Rd2+ 35. Kc3 Rxh2 36. f5 gxf5 37. Rxf5 Rd7 38. Rg3 Rh6 39.
Rfg5 f6 40. Rg8+ Kh7 41. exf6 Rxf6 42. R8g5 b5 43. Re5 Rdf7 44. Rh5+ Rh6 45.
Rhg5 Rh4 46. Rc5 Rf6 47. Rcg5 Rf7 48. Rc5 Rf1 49. Rcg5 Rf7 50. Rc5 Rf6 51. Rcg5
Rf7 1/2-1/2

[Event "SC Gronau 1 - SK Bocholt 1"]
[Site "Regionalliga Münsterland 2019"]
[Date "2019.11.30"]
[Round "4.5"]
[White "Kuhlenbaeumer, Willi"]
[Black "Langendijk, Andre"]
[Result "0-1"]
[WhiteElo "1925"]
[BlackElo "1926"]
[PlyCount "72"]
[EventDate "2019.??.??"]
[SourceDate "2019.09.14"]

1. e4 c5 2. Nf3 g6 3. d4 cxd4 4. Nxd4 Nf6 5. Nc3 Nc6 6. Be2 Bg7 7. Be3 O-O 8.
Qd2 d5 9. exd5 Nxd5 10. Nxd5 Qxd5 11. Bf3 Qc4 12. b3 Qa6 13. c3 Nxd4 14. cxd4
Rd8 15. Rd1 Bf5 16. Be2 Qa3 17. O-O a6 18. Bf3 Rd7 19. g4 Be6 20. Qe2 Rad8 21.
Rd2 Qb4 22. Rfd1 Bd5 23. Bxd5 Rxd5 24. Qc4 Qd6 25. h3 h5 26. Kg2 Qd7 27. f3 b5
28. Qc2 Qb7 29. Qe4 hxg4 30. hxg4 R8d6 31. f4 Qd7 32. Qf3 a5 33. Bf2 a4 34.
bxa4 bxa4 35. Kg3 Bxd4 36. Qe4 Bxf2+ 0-1

[Event "SC Gronau 1 - SK Bocholt 1"]
[Site "Regionalliga Münsterland 2019"]
[Date "2019.11.30"]
[Round "4.6"]
[White "Reckzuegel, Philipp"]
[Black "Hunhoff, Andreas"]
[Result "1-0"]
[WhiteElo "1871"]
[BlackElo "1798"]
[PlyCount "81"]
[EventDate "2019.??.??"]
[SourceDate "2019.09.14"]

1. d4 f5 2. g3 Nf6 3. Bg2 e6 4. c4 c6 5. Nc3 d5 6. Nf3 Be7 7. O-O O-O 8. b3 b6
9. Bb2 Ba6 10. Ne5 Bd6 11. Rc1 Bxe5 12. dxe5 Ne4 13. Nxe4 fxe4 14. Ba3 Re8 15.
Bd6 Bb7 16. f3 exf3 17. exf3 Nd7 18. f4 Rc8 19. Qc2 Nf8 20. f5 exf5 21. Qxf5
Qd7 22. Qxd7 Nxd7 23. Bh3 Nxe5 24. Bxc8 Bxc8 25. Bxe5 Rxe5 26. cxd5 Ba6 27. Rf4
Rxd5 28. Ra4 Bb5 29. Rxa7 c5 30. Rb7 Rd6 31. Re1 Kf8 32. a4 Bd7 33. Rb8+ Kf7
34. Kf2 Be6 35. Re3 Bg4 36. Re4 h5 37. b4 Rd2+ 38. Ke3 Re2+ 39. Kd3 Ra2 40.
Rf4+ Ke7 41. Rxb6 1-0

[Event "SC Gronau 1 - SK Bocholt 1"]
[Site "Regionalliga Münsterland 2019"]
[Date "2019.11.30"]
[Round "4.7"]
[White "Stanik, Hans"]
[Black "Rothkegel, Juergen"]
[Result "1-0"]
[WhiteElo "2037"]
[BlackElo "1864"]
[PlyCount "95"]
[EventDate "2019.??.??"]
[SourceDate "2019.09.14"]

1. e4 c5 2. d3 Nc6 3. g3 g6 4. Bg2 Bg7 5. f4 e6 6. Nf3 d5 7. e5 Nh6 8. c3 Nf5
9. Na3 a6 10. Nc2 b5 11. Qe2 Bb7 12. Bd2 h5 13. Ne3 Nce7 14. d4 c4 15. Bh3 Nxe3
16. Bxe3 Nf5 17. Bxf5 gxf5 18. h3 Qe7 19. Bd2 Bc6 20. Rg1 a5 21. a3 Bf8 22. Ng5
Qb7 23. g4 hxg4 24. hxg4 fxg4 25. Qxg4 Qd7 26. Rf1 O-O-O 27. f5 exf5 28. Qxf5
Qxf5 29. Rxf5 Rh1+ 30. Rf1 Rxf1+ 31. Kxf1 Be8 32. Kg2 Be7 33. Rf1 Bxg5 34. Bxg5
Rd7 35. Kg3 Rc7 36. Rh1 Rc6 37. Rh8 Kd7 38. Kg4 a4 39. Kf5 Re6 40. Bf6 Rc6 41.
Kg5 Re6 42. Kh6 Rc6 43. Kg7 Re6 44. Kf8 Rc6 45. Rh6 Rb6 46. Bg5 Re6 47. Rf6 b4
48. axb4 1-0

[Event "SC Gronau 1 - SK Bocholt 1"]
[Site "Regionalliga Münsterland 2019"]
[Date "2019.11.30"]
[Round "4.8"]
[White "Tsoukkerman, Boris Z"]
[Black "Sell, Markus"]
[Result "0-1"]
[WhiteElo "1907"]
[BlackElo "1810"]
[PlyCount "48"]
[EventDate "2019.??.??"]
[SourceDate "2019.09.14"]

1. Nf3 e6 2. g3 f5 3. Bg2 Nf6 4. O-O Be7 5. d3 O-O 6. Nbd2 d6 7. c3 Qe8 8. Re1
Kh8 9. e4 e5 10. exf5 Nc6 11. d4 exd4 12. Nxd4 Nxd4 13. cxd4 Qf7 14. Qc2 c6 15.
d5 c5 16. b4 Ng4 17. f3 Bxf5 18. Ne4 Bf6 19. fxg4 Bxe4 20. Bxe4 Bxa1 21. Bf4
Bd4+ 22. Kh1 Qe7 23. Rd1 Rae8 24. Bxh7 g5 0-1

[Event "TV Borken 1 - SG Turm Raesfeld/Erle 2"]
[Site "Regionalliga Münsterland 2019"]
[Date "2019.11.30"]
[Round "4.1"]
[White "Pliete, Christian"]
[Black "Schulze Schwering, Philipp"]
[Result "1-0"]
[WhiteElo "1835"]
[BlackElo "2067"]
[PlyCount "91"]
[EventDate "2019.??.??"]
[SourceDate "2019.09.14"]

1. e4 c6 2. d4 d5 3. Nc3 dxe4 4. Nxe4 Nd7 5. Nf3 Ngf6 6. Ng3 Qc7 7. Bd3 e6 8.
O-O Bd6 9. c4 c5 10. Re1 O-O 11. Ne4 Nxe4 12. Rxe4 Nf6 13. Rh4 h6 14. Bxh6 gxh6
15. Qd2 Bf4 16. Rxf4 Kg7 17. Qe3 Ng8 18. Ne5 f5 19. dxc5 a5 20. Re1 a4 21. Qg3+
Kh7 22. Rh4 Qg7 23. Qxg7+ Kxg7 24. Nf3 Bd7 25. Rd4 Rfd8 26. Bc2 Nf6 27. Red1
Kf7 28. Ne5+ Ke7 29. f4 Be8 30. Rd6 Rdc8 31. Rb6 Bc6 32. Nxc6+ bxc6 33. Rb7+
Kf8 34. Rd6 Rab8 35. Rxb8 Rxb8 36. b3 axb3 37. Bxb3 Ne4 38. Rxe6 Rd8 39. Rxc6
Rd2 40. h3 h5 41. h4 Kg7 42. Re6 Kf7 43. Re5 Kf6 44. c6 Rd6 45. Ba4 Nc3 46. c7
1-0

[Event "TV Borken 1 - SG Turm Raesfeld/Erle 2"]
[Site "Regionalliga Münsterland 2019"]
[Date "2019.11.30"]
[Round "4.2"]
[White "Beckmann, David"]
[Black "Tuente, Marcel"]
[Result "1-0"]
[WhiteElo "2009"]
[BlackElo "1841"]
[PlyCount "55"]
[EventDate "2019.??.??"]
[SourceDate "2019.09.14"]

1. d4 d5 2. Bf4 Nf6 3. e3 e6 4. c3 c5 5. Nd2 Nc6 6. Ngf3 Be7 7. Bd3 O-O 8. h4
c4 9. Bc2 Bd6 10. Ne5 Qc7 11. Ndf3 Nd7 12. Nxd7 Qxd7 13. Bxh7+ Kxh7 14. Ng5+
Kg6 15. Qg4 Bxf4 16. Qxf4 f5 17. h5+ Kf6 18. Nh7+ Kf7 19. Nxf8 Kxf8 20. h6 gxh6
21. Rxh6 Qg7 22. Qh2 Ne7 23. Rh7 Qf6 24. Qc7 Ng6 25. O-O-O Kg8 26. Rdh1 Nf8 27.
R1h6 Nxh7 28. Qxh7+ 1-0